<?xml version="1.0" encoding="UTF-8"?>
<record
    xmlns:xsi="http://www.w3.org/2001/XMLSchema-instance"
    xsi:schemaLocation="http://www.loc.gov/MARC21/slim http://www.loc.gov/standards/marcxml/schema/MARC21slim.xsd"
    xmlns="http://www.loc.gov/MARC21/slim">

  <leader>01777nam a22002657a 4500</leader>
  <controlfield tag="008">120822s2011    vau||||| |||  00| 0 ng d </controlfield>
  <datafield tag="020" ind1=" " ind2=" ">
    <subfield code="a">841887016216</subfield>
  </datafield>
  <datafield tag="020" ind1=" " ind2=" ">
    <subfield code="a">9781608836185</subfield>
  </datafield>
  <datafield tag="082" ind1=" " ind2=" ">
    <subfield code="2">22</subfield>
    <subfield code="a">338.761</subfield>
    <subfield code="b">STE</subfield>
  </datafield>
  <datafield tag="245" ind1=" " ind2=" ">
    <subfield code="a">Steve Jobs :</subfield>
    <subfield code="b">one last thing /</subfield>
    <subfield code="c">Pioneer Productions for PBS ; in association with Channel 4 and Mentorn International ; senior producer/director, Susan Crook ; produced and directed by Jonathan Challis, John Coffey, Ian Lynch.</subfield>
  </datafield>
  <datafield tag="246" ind1=" " ind2=" ">
    <subfield code="a">One last thing</subfield>
  </datafield>
  <datafield tag="250" ind1=" " ind2=" ">
    <subfield code="a">Widescreen version.</subfield>
  </datafield>
  <datafield tag="260" ind1=" " ind2=" ">
    <subfield code="a">[Arlington, VA] :</subfield>
    <subfield code="b">PBS Distribution,</subfield>
    <subfield code="c">2011.</subfield>
  </datafield>
  <datafield tag="300" ind1=" " ind2=" ">
    <subfield code="a">1 videodisc (ca. 60 min.) :</subfield>
    <subfield code="b">sd., col. ;</subfield>
    <subfield code="c">4 3/4 in.</subfield>
  </datafield>
  <datafield tag="500" ind1=" " ind2=" ">
    <subfield code="a">Place of publication from publisher's website.</subfield>
  </datafield>
  <datafield tag="505" ind1=" " ind2=" ">
    <subfield code="a">Introduction -- Rival -- Misfit -- Celebrity -- Whizz kid -- NeXT steps -- Entrepreneur -- Tyrant -- Artist -- Saviour -- Buddhist -- Visionary -- Innovator -- Legacy.</subfield>
  </datafield>
  <datafield tag="520" ind1=" " ind2=" ">
    <subfield code="a">This documentary looks not only at how his talent, style and imagination have shaped all of our lives, but also at the influences that shaped and molded the man himself. Through interviews with the people who worked closely with him or chronicled his life, we gain unique insight into what made him tick. In a never before broadcast, exclusive interview, Steve Jobs expounds his own philosophy of life, and offers advice to us all on changing our own lives.</subfield>
  </datafield>
  <datafield tag="600" ind1=" " ind2=" ">
    <subfield code="9">28126</subfield>
    <subfield code="a">Jobs, Steve,</subfield>
    <subfield code="d">1955-2011.</subfield>
  </datafield>
  <datafield tag="650" ind1=" " ind2=" ">
    <subfield code="9">28129</subfield>
    <subfield code="a">Businesspeople</subfield>
    <subfield code="v">Biography.</subfield>
    <subfield code="z">United States</subfield>
  </datafield>
  <datafield tag="650" ind1=" " ind2=" ">
    <subfield code="9">30847</subfield>
    <subfield code="a">Computer industry</subfield>
    <subfield code="z">United States.</subfield>
  </datafield>
  <datafield tag="653" ind1=" " ind2=" ">
    <subfield code="b">ENG</subfield>
    <subfield code="c">August2012</subfield>
  </datafield>
  <datafield tag="700" ind1=" " ind2=" ">
    <subfield code="9">28126</subfield>
    <subfield code="a">Jobs, Steve,</subfield>
    <subfield code="d">1955-2011.</subfield>
  </datafield>
  <datafield tag="942" ind1=" " ind2=" ">
    <subfield code="2">ddc</subfield>
    <subfield code="c">DVD</subfield>
  </datafield>
  <datafield tag="999" ind1=" " ind2=" ">
    <subfield code="c">16947</subfield>
    <subfield code="d">16947</subfield>
  </datafield>
  <datafield tag="952" ind1=" " ind2=" ">
    <subfield code="0">0</subfield>
    <subfield code="1">0</subfield>
    <subfield code="2">ddc</subfield>
    <subfield code="4">0</subfield>
    <subfield code="7">0</subfield>
    <subfield code="a">MAIN</subfield>
    <subfield code="b">MAIN</subfield>
    <subfield code="c">1ST</subfield>
    <subfield code="d">2012-08-22</subfield>
    <subfield code="e">purchase</subfield>
    <subfield code="g">167.00</subfield>
    <subfield code="h">15359</subfield>
    <subfield code="l">0</subfield>
    <subfield code="o">338.761 STE</subfield>
    <subfield code="p">000027068</subfield>
    <subfield code="r">2019-08-04 00:00:00</subfield>
    <subfield code="y">CDVDN</subfield>
  </datafield>
</record>
